000 01569cam a22004574i 4500
003 PE-LiUPU
005 20250731173545.0
008 150616s1965 caua rb 000 0 eng d
035 _a(Sirsi) a9270
040 _aPE-LiUPU
_bspa
_cPE-LiUPU
_erda
049 _aPRUA
082 0 4 _a253.2
_bR49
_221
100 1 _aRhodes, John,
_eautor.
245 1 0 _aSuccess Secrets for Pastors /
_cpor John Rhodes.
264 1 _aMountain View, California :
_bPacific Press Publishing Association,
_c1965.
300 _a166 páginas :
_bilustraciones ;
_c25 centímetros
336 _atext
_2rdacontent
337 _aunmediated
_2rdamedia
338 _avolume
_2rdacarrier
504 _aIncluye bibliografía.
505 0 _aThe Pastor as an administrator -- The Pastor as an evangelist.
526 _aSEG42
526 _aSEG41
526 _aSEG40
526 _aSEG39
526 _aP94
526 _aP87
526 _aP86
526 _aP85
526 _aP77
526 _aP76
526 _aP35
650 0 4 _aTeología pastoral
_xAdventistas del séptimo día.
910 _ajck
_bjvq
_cjck
942 _2ddc
_cBOOK
949 _a253.2 R49
_wDEWEY
_c1
_i42684
_lCCODEBUL1
_mBUL
_p00.00
_r0
_sY
_tBOOK
_u1997324
_xTEOLOGIA
_zUNKNOWN
_0COMPRA
_o.STAFF. Colección General
994 _aC0
_bPEPRU
596 _a1
999 _a253.2 R49
_wDEWEY
_c60704
_i42684
_d60704
_e2015-8-25
_f2021-11-10
_g5
_lCCODEBUL1
_mBUL
_n1
_p7.99
_r0
_sY
_tBOOK
_u2015-6-16
_xTEOLOGIA
_PP35
_0COMPRA
_o.STAFF. Colección Teología
980 _81
_gALBERTO SANCHEZ Responsable de Automatización